00429nam a2200145Ia 4500008004100000041000900041082001500050100001900065245002600084260004800110300000800158650000800166999001700174952009200191230718s9999 xx 000 0 und d aEng. a340bPER-P aPerviaz, Aleem 0aPakistan law Journal  aPakistanbALL Pakistan legal decisionc1998 a304 aLaw c27432d27432 00104070aSIRC-LbSIRC-Ld2023-07-18l0o340 PER-Pp22384r2023-07-18w2023-07-18yBK